000 00482 a2200193 4500
001 111380
020 _a9781842369746
041 _apor
090 _aYear 6 560
100 _aMatthews, Rupert.
250 _a. ed.
300 _a48 p
697 _aPrehistoric time.
856 _u00001d/00001d7f.jpg
040 _aBR-BrIDEA
_cBR-BrIDEA
245 1 0 _a100 facts you should know about prehistoric life.
_c Rupert Matthews
260 _a[S.l.]
_bMiles Kelly
_c2011
942 _cBK
999 _c111380
_d111380